01468nam a22002057a 4500008004100000020001800041040000800059041000800067050002300075100002800098245006700126260003300193300002500226520087100251650002501122650003001147650002801177650002201205650003501227250703b |||||||| |||| 00| 0 eng d a9781915672513 ctbs aeng aJA74.5 b.B47 2024 aBerardi, Francoeauthor aQuit everything b: interpreting depressionc/ Franco Berardi. aLondon : bRepeater, c2024. a201 pages ; c20 cm. aDepression is rife amongst young people the world over. But what if this isn't depression as we know it, but instead a reaction to the chaos and collapse of a seemingly unchangeable and unliveable future? In Quit Everything, Franco Berardi argues that this "depression" is actually conscious or unconscious withdrawal of psychological energy and a dis-investment of desire that he defines instead as "desertion". A desertion from political participation, from the daily grind of capitalism, from the brutal reality of climate collapse, and from a society which offers nothing but chaos and pain. Berardi analyses why this desertion is on the rise and why more people are quitting everything in our age of political impotence and the rise of the far-right, asking if we can find some political hope in desertion amongst the ruins of a world on the brink of collapse.  0aPolitical alienation 0aYouthxPolitical activity 0aPolitical participation 0aPolitical culture 0aDepression, MentalxPhilosophy